000
00320nam a2200133Ia 4500
008
240624s9999 xx 000 0 und d
041
_a
eng
082
_a
005.74 CUT
100
_a
CUTLIP ROB
245
_a
INTEGRATED SOLUTIONS WITH DB2
260
_c
2004
_a
Delhi
_b
Pearson Education
300
_a
xvii, : 289
365
_c
RS
999
_c
1853
_d
1853